| 000 | 02168cam a22004694i 4500 | ||
|---|---|---|---|
| 003 | PE-LiUPU | ||
| 005 | 20250731184550.0 | ||
| 008 | 150625s1985 pe r 000 0 spa d | ||
| 035 | _a(Sirsi) a33436 | ||
| 040 |
_aPE-LiUPU _bspa _cPE-LiUPU _dPE-LiUPU _erda |
||
| 049 | _aPRUA | ||
| 082 | 0 | 4 |
_a985.362 _bCh18 _221 |
| 100 | 1 |
_aChambi Ch., David R., _eautor. |
|
| 245 | 1 | 0 |
_aRadiografia historica del distrito de plateria / _cDavid R. Chambi Ch. |
| 264 | 1 |
_aPerú : _bFlores, _c1985. |
|
| 300 | _a | ||
| 336 |
_atext _2rdacontent |
||
| 337 |
_aunmediated _2rdamedia |
||
| 338 |
_avolume _2rdacarrier |
||
| 505 | 0 | _aPlateria en el devenir histórico -- Medidas de acción reivindicatoria de los derechos del indio -- Génesis de un gran movimiento liberador del indio en platería -- Platería en la ruta del progreso y desarrollo -- Esbozo monográficodel distrito de platería -- Pioneros autóctonosque desarrollaron en la obra de liberación espiritual y social del indio Molla. | |
| 526 | _aP136 | ||
| 526 | _aP135 | ||
| 526 | _aP134 | ||
| 526 | _aP133 | ||
| 526 | _aP144 | ||
| 526 | _aP143 | ||
| 526 | _aP87 | ||
| 526 | _aP35 | ||
| 526 | _aP20 | ||
| 526 | _aP14 | ||
| 526 | _aP10 | ||
| 526 | _aP06 | ||
| 651 | _aPlatería (Puno), Perú. | ||
| 942 |
_2ddc _cBOOK |
||
| 949 |
_a985.362 Ch18 _wDEWEY _c1 _i24581 _lCCODEBUL1 _mBUL _p15.00 _r0 _sY _tBOOK _u2015-06-25 _xBIBLIOTECA _zUNKNOWN _0COMPRA _o.STAFF. Colección Ciencias Humanas y Educación |
||
| 949 |
_a985.362 Ch18 _wDEWEY _c2 _i24580 _lCCODEBUL1 _mBUL _p15.00 _r0 _sY _tBOOK _u2015-06-25 _xBIBLIOTECA _zUNKNOWN _0COMPRA _o.STAFF. Colección Ciencias Humanas y Educación |
||
| 596 | _a1 | ||
| 999 |
_a985.362 CH18 _wDEWEY _c41183 _i24581 _d41183 _e2017-6-30 _f2021-11-8 _g4 _lCCODEBUL1 _mBUL _n2 _r0 _sY _tBOOK _u2015-6-25 _xBIBLIOTECA _zUNKNOWN _0COMPRA _o.STAFF. Colección General |
||
| 999 |
_a985.362 CH18 _wDEWEY _c2 _i24580 _d2019-5-21 _e2016-1-18 _f2019-12-11 _g4 _lDISCARD _mBUL _n1 _p15.00 _q2 _r0 _sY _tBOOK _u2015-6-25 _xEDUCACION _zUNKNOWN _0COMPRA _o.STAFF. Colección Ciencias Humanas y Educación |
||
| 980 |
_81 _gALBERTO SANCHEZ Responsable de Automatización |
||